000 01888cam a22003494i 4500
003 PE-LiUPU
005 20250731184058.0
008 150623s r 000 0 d
035 _a(Sirsi) a22943
040 _aPE-LiUPU
_bspa
_cPE-LiUPU
_erda
082 0 4 _a869.56018
_bB811937
_221
100 1 _aBravo Amézaga, José Antonio,
_eautor.
245 1 0 _aNarradores del siglo XX :
_b(nacidos entre 1900 y 1919) / José Antonio Bravo.
264 1 _aLima :
_bBanco Central de Reserva del Perú, Fondo Editorial,
_c1999.
300 _a255 páginas ;
_c24 cm.
336 _atext
_2rdacontent
337 _aunmediated
_2rdamedia
338 _avolume
_2rdacarrier
505 0 _aNuestro amo y señor de los milagros. -Si un rincon. -La imilla. -Perfiles de condores. -El moc Moc. -La casa del diablo. -Jijuna.-El delegado de los simios. -La rata. -La Perricholi y las limeñas. -La mascre de los coroneles. -Maruja. -Trance de poder. -El naranjito de Quito. -Cita de libertad. -Calixto Garmedia. -Víspera de reyes. -Ladislao el flautista. -Los comuneros de ak'ola. -Canto y muerte de un turpial. -El callejón de petateros. -Cuento en gris sobre la botella y la challupa. -Los institntos embrujados. -Casicha. -Foforofo. -El pacto. -Noche de luna. -Hermosa mañana.
526 _aP145
526 _aP127
526 _aP97
526 _aP14
526 _aP07
650 0 4 _aNovelas peruanas
_ySiglo XX
_vColecciones.
650 0 4 _aLiteratos
_zPerú
_ySiglo XX.
942 _2ddc
_cBOOK
949 _a869.56018 B81 1937
_wDEWEY
_c1
_i46972
_lCCODEBUL1
_mBUL
_p00.00
_r0
_sY
_tBOOK
_u2015-06-24
_xEDUCACION
_zUNKNOWN
_0COMPRA
_o.STAFF. Colección General
596 _a1
999 _a869.56018 B81 1937
_wDEWEY
_c23565
_i46972
_f2021-11-9
_g5
_lCCODEBUL1
_mBUL
_r0
_sY
_tBOOK
_u2015-6-24
_xEDUCACION
_zUNKNOWN
_0COMPRA
_o.STAFF. Colección General
_d23565
980 _81
_gALBERTO SANCHEZ Responsable de Automatización